Catálogo
 En Linea

Los restos de Colón / (Registro nro. 31928)

Detalles MARC
000 -CABECERA
campo de control de longitud fija 00729nam a2200217 a 4500
001 - NÚMERO DE CONTROL
campo de control 000032437
003 - IDENTIFICADOR DEL NÚMERO DE CONTROL
campo de control DO-SdBNP
005 - FECHA Y HORA DE LA ÚLTIMA TRANSACCIÓN
campo de control 20240304171404.0
008 - DATOS DE LONGITUD FIJA--INFORMACIÓN GENERAL
campo de control de longitud fija 110331s1950 dr 000 0 spa d
040 ## - FUENTE DE LA CATALOGACIÓN
Centro catalogador/agencia de origen DO-SdBNP
Lengua de catalogación spa
Centro/agencia transcriptor BNPHU
049 ## - FONDOS LOCALES (OCLC)
Fondos de biblioteca BNPD
082 ## - NÚMERO DE LA CLASIFICACIÓN DECIMAL DEWEY
Número de clasificación xxxx
Número de documento/Ítem L951r
100 1# - ENTRADA PRINCIPAL--NOMBRE DE PERSONA
Nombre de persona Lugo, Américo
Fechas asociadas al nombre 1870-1952
9 (RLIN) 81550
245 14 - MENCIÓN DE TÍTULO
Título Los restos de Colón /
Mención de responsabilidad, etc. Américo Lugo.
250 ## - MENCIÓN DE EDICIÓN
Mención de edición 3a ed.
260 ## - PUBLICACIÓN, DISTRIBUCIÓN, ETC.
Lugar de publicación, distribución, etc. Ciudad Trujillo, República Dominicana :
Nombre del editor, distribuidor, etc. Secretaría de Educación, Bellas Artes y Cultos
-- Libreria Dominicana,
Fecha de publicación, distribución, etc. 1950.
300 ## - DESCRIPCIÓN FÍSICA
Extensión 129 p. ;
Dimensiones 18 cm.
500 ## - NOTA GENERAL
Nota general Publicado por primera vez en "Clio" 1934
533 ## - NOTA DE REPRODUCCIÓN
Tipo de reproducción Facsimil
Lugar de la reproducción Ciudad Trujillo
Institución responsable de la reproducción Academia Dominicana de la Historia
Fecha de la reproducción 1950
942 ## - ELEMENTOS DE PUNTO DE ACCESO ADICIONAL (KOHA)
Fuente del sistema de clasificación o colocación Dewey Decimal Classification
Tipo de ítem Koha Libro
Existencias
Estado de retiro Estado de pérdida Restricciones de uso No para préstamo Código de colección Localización permanente Ubicación/localización actual Ubicación en estantería Fecha de adquisición Número de inventario Total de préstamos Signatura topográfica completa Código de barras Fecha visto por última vez Número de copia Precio válido a partir de Tipo de ítem Koha
        Dominicana de Servicio General General Depósito 12.05.2015 LF1   xxxx L951r 32437-30 25.06.2020 e. 3 25.06.2020 Libro y Folleto Colección Dominicana de Servicio
        Dominicana de Servicio General General Depósito 30.06.2015 LF1   xxxx L951r 32437-40 25.06.2020 e. 4 25.06.2020 Libro y Folleto Colección Dominicana de Servicio
      Excluido de préstamo Raros y valiosos Patrimonio Dominicano Patrimonio Dominicano Depósito 18.07.2011 LF1   xxxx L951r 32437-10 25.06.2020   25.06.2020 No se presta
      Excluido de préstamo Raros y valiosos Patrimonio Dominicano Patrimonio Dominicano Depósito 18.07.2011 LF1   xxxx L951r 32437-20 25.06.2020 e. 2 25.06.2020 No se presta

Con tecnología Koha